Sports Quiz

Random Sports or Auto Racing Quiz

NASCAR What If Champions Quiz Stats

 Plays Quiz not verified by Sporcle

Score 0/42 Timer 08:00
0 Plays Today
Year Driver (Chase75-03, Old04-Present) % Correct
1996Jeff Gordon
97.2%
1998Jeff Gordon
97.2%
2004Jeff Gordon
97.2%
2007Jeff Gordon
97.2%
2013Jimmie Johnson
96.5%
2014Jeff Gordon
96.2%
2003Jimmie Johnson
96.1%
2006Jimmie Johnson
96.1%
2009Jimmie Johnson
96.1%
1986Dale Earnhardt
95.7%
1987Dale Earnhardt
95.7%
1990Dale Earnhardt
95.7%
1994Dale Earnhardt
95.7%
1995Dale Earnhardt
95.7%
1975Richard Petty
93.8%
1979Richard Petty
93.8%
2015Kevin Harvick
92.9%
2016Kevin Harvick
92.9%
2005Tony Stewart
92.8%
1992Kyle Petty
91.3%
1999Bobby Labonte
88.3%
Year Driver (Chase75-03, Old04-Present) % Correct
2000Bobby Labonte
88.3%
2011Carl Edwards
84.9%
2002Kurt Busch
84.7%
1997Dale Jarrett
82.9%
2008Carl Edwards
82.7%
2010Kevin Harvick
81.5%
1981Darrell Waltrip
81.5%
1982Darrell Waltrip
81.5%
1983Darrell Waltrip
81.5%
1985Darrell Waltrip
81.5%
2012Brad Keselowski
80.4%
1989Rusty Wallace
76.7%
1993Rusty Wallace
76.7%
1988Bill Elliott
73%
1976Cale Yarborough
71.5%
1977Cale Yarborough
71.5%
1978Cale Yarborough
71.5%
1980Cale Yarborough
71.5%
2001Sterling Marlin
56.6%
1984Harry Gant
48%
1991Harry Gant
48%

You're not logged in!

Compare scores with friends on all Sporcle quizzes.
OR
Log In

Show Comments

Extras

Top Quizzes Today


Score Distribution

Your Account Isn't Verified!

In order to create a playlist on Sporcle, you need to verify the email address you used during registration. Go to your Sporcle Settings to finish the process.

Report this User

Report this user for behavior that violates our Community Guidelines.

Details: